MARC

LEADER 00000nab a2200000 a 4500
001 vtls000105211
003 SK-MaSNL
005 20260305003231.0
008 160215c1981 xo 0 slo
015 |a SNBRB19rr/mm-uuuuu 
035 |a CL0115314 
040 |a SNKBUCL  |b slo  |c SNKBUCL  |e AACR2 
041 0 |a slo 
044 |a xo  |c SK 
080 |a 82:929:885.4  |2 1981 
080 |a 885.4  |2 1981 
080 |a 929 Šimulčíková, Jana  |2 1981 
100 1 |a (jf)  |4 aut  |9 910294 
245 1 0 |a Kniha a tvorca  |c (jf), Jana Šimulčíková 
600 1 7 |a Šimulčíková, Jana,  |d 1937-2025  |2 snkbucl  |9 190254 
655 7 |a články z novín a časopisov  |2 snkbucl  |9 267496 
655 7 |a články z odboru literárna veda a krásna literatúra  |2 snkbucl  |9 770045 
700 1 |a Šimulčíková, Jana,  |d 1937-2025  |4 aut  |9 190254 
773 0 |t Ľud  |g Roč. 34, č. 272 (17. 11. 1981), s. 5 
850 |a Slovenská národná knižnica v Martine  |a MTA001 
852 |a SNK  |b KIS3GCP 
958 |a BX 
958 |a RK 
958 |a LX 
992 |a RBX 
999 |c 3229365  |d 3231295